[Event "European Senior Teams Chess Championshi"]
[Site "Rogaska Slatina"]
[Date "2012.04.04"]
[Round "9.12"]
[White "Habershon, Paul F"]
[Black "Hauge, Tor Arne"]
[Result "1-0"]
[WhiteElo "2122"]
[BlackElo "2124"]
[PlyCount "73"]
[EventDate "2012.03.27"]
[WhiteTeam "ENG 2"]
[BlackTeam "NOR 2"]

1. e4 c6 2. d3 d5 3. Nd2 g6 4. Ngf3 Bg7 5. g3 e6 6. Bg2 Ne7 7. O-O O-O 8. Re1
b6 9. Rb1 a5 10. a4 Bb7 11. Qe2 Na6 12. e5 c5 13. c3 Qd7 14. b3 Nc6 15. Nf1 Nc7
16. Bf4 Ba6 17. h4 b5 18. N1h2 Rab8 19. Ng4 c4 20. Nf6+ Bxf6 21. exf6 e5 22.
Nxe5 Nxe5 23. Bxe5 Rbe8 24. Qd2 Ne6 25. bxc4 dxc4 26. axb5 Bxb5 27. d4 Kh8 28.
d5 Nc5 29. Qh6 Rg8 30. Bd4 Nb3 31. Re7 Nxd4 32. Rxd7 Ne2+ 33. Kf1 Bxd7 34. Rb7
Bf5 35. Rxf7 g5 36. Re7 Rb8 37. f7 1-0

[Event "European Senior Teams Chess Championshi"]
[Site "Rogaska Slatina"]
[Date "2012.04.04"]
[Round "9.12"]
[White "Taksrud, Vidar"]
[Black "Quinn, John M"]
[Result "0-1"]
[WhiteElo "2075"]
[BlackElo "2121"]
[PlyCount "38"]
[EventDate "2012.03.27"]
[WhiteTeam "NOR 2"]
[BlackTeam "ENG 2"]

1. Nc3 c5 2. Nf3 Nc6 3. d4 cxd4 4. Nxd4 g6 5. e4 Bg7 6. Be3 d6 7. Be2 Nf6 8. f3
O-O 9. Qd2 Bd7 10. O-O-O a6 11. g4 b5 12. Nxc6 Bxc6 13. g5 Nd7 14. Nd5 Bxd5 15.
exd5 Rc8 16. h4 Nc5 17. Bd4 Bxd4 18. Qxd4 Qa5 19. a3 Nb3+ 0-1

[Event "European Senior Teams Chess Championshi"]
[Site "Rogaska Slatina"]
[Date "2012.04.04"]
[Round "9.12"]
[White "Reuben, Stewart"]
[Black "Sollid, Stein"]
[Result "0-1"]
[WhiteElo "2115"]
[BlackElo "2018"]
[PlyCount "60"]
[EventDate "2012.03.27"]
[WhiteTeam "ENG 2"]
[BlackTeam "NOR 2"]

1. c4 Nf6 2. Nc3 e6 3. e4 d5 4. e5 d4 5. exf6 dxc3 6. fxg7 cxd2+ 7. Bxd2 Bxg7
8. Qc2 O-O 9. Nf3 Nc6 10. Bc3 e5 11. Rd1 Qe7 12. Be2 Bg4 13. O-O Rad8 14. h3
Bh5 15. Rd5 Bg6 16. Qb3 Nd4 17. Bxd4 Rxd5 18. cxd5 exd4 19. Re1 b6 20. Qc4 Qf6
21. Rd1 Re8 22. Rxd4 Qe7 23. Bd3 Bxd4 24. Qxd4 Bxd3 25. Qxd3 Qe4 26. Qa3 Qxd5
27. Qxa7 Qd1+ 28. Kh2 Qc2 29. Nd4 Qxf2 30. Qa4 Qf4+ 0-1

[Event "European Senior Teams Chess Championshi"]
[Site "Rogaska Slatina"]
[Date "2012.04.04"]
[Round "9.13"]
[White "Thieme, Hans"]
[Black "Sandklef, Ake"]
[Result "1-0"]
[WhiteElo "2075"]
[BlackElo "1993"]
[PlyCount "79"]
[EventDate "2012.03.27"]
[WhiteTeam "GER - OBERURSEL"]
[BlackTeam "SWE 4"]

1. e4 e6 2. d4 d5 3. Nc3 Bb4 4. Bd3 dxe4 5. Bxe4 Nf6 6. Bf3 O-O 7. Nge2 Nbd7 8.
O-O c6 9. Bf4 Qa5 10. a3 Bxc3 11. Nxc3 Nd5 12. Nxd5 exd5 13. Re1 Nf6 14. Bd6
Re8 15. Be7 Bf5 16. b4 Qc7 17. Bxf6 gxf6 18. Qd2 Kg7 19. c3 Re6 20. Re3 Qf4 21.
g3 Qg5 22. h4 Qg6 23. Rae1 Rae8 24. Kh2 Qh6 25. a4 Rxe3 26. Rxe3 Rxe3 27. Qxe3
Qg6 28. Qe7 Be6 29. Qxb7 Qd3 30. Bg2 Qxc3 31. Qxa7 Qxb4 32. a5 Qd2 33. Qc5 Qxf2
34. Qxc6 Qxd4 35. a6 Bf5 36. Qxd5 Qf2 37. Qb7 Kh6 38. a7 Be4 39. Qxe4 Qxa7 40.
Qf5 1-0

[Event "European Senior Teams Chess Championshi"]
[Site "Rogaska Slatina"]
[Date "2012.04.04"]
[Round "9.13"]
[White "Nilsson, Weine"]
[Black "Escher, Helmut"]
[Result "0-1"]
[WhiteElo "1965"]
[BlackElo "2120"]
[PlyCount "124"]
[EventDate "2012.03.27"]
[WhiteTeam "SWE 4"]
[BlackTeam "GER - OBERURSEL"]

1. e4 d5 2. exd5 Qxd5 3. Nc3 Qa5 4. d4 c6 5. Bc4 Nf6 6. Nf3 Bf5 7. Bb3 e6 8.
Bd2 Qc7 9. Qe2 Be7 10. Ne5 Nbd7 11. g4 Bg6 12. O-O-O Nxe5 13. dxe5 Nd7 14. Bf4
O-O-O 15. Bg3 h5 16. h3 Nc5 17. f4 Nxb3+ 18. axb3 hxg4 19. hxg4 Rxd1+ 20. Rxd1
Rd8 21. Rf1 Qd7 22. f5 exf5 23. gxf5 Bxf5 24. Qf2 Bg6 25. e6 Qd4 26. Qxd4 Rxd4
27. exf7 Bf8 28. Re1 Bxf7 29. Bf2 Rd7 30. Bxa7 Bd6 31. Na4 Re7 32. Nb6+ Kc7 33.
Na8+ Kd8 34. Rd1 Rd7 35. Be3 Be5 36. Re1 Bd4 37. Nb6 Bxe3+ 38. Rxe3 Re7 39. Rg3
Be6 40. Na4 Bf5 41. Kd2 g6 42. Nc3 Rh7 43. Rg2 Ke7 44. Ke3 Kf6 45. Ne4+ Ke5 46.
Ng5 Re7 47. c4 Rd7 48. Nf3+ Kf6 49. Nd4 Re7+ 50. Kd2 Rh7 51. b4 Ke5 52. Nxf5
gxf5 53. Re2+ Kd4 54. b3 f4 55. Rf2 Ke4 56. b5 cxb5 57. cxb5 Rh5 58. Kc3 Ke3
59. Ra2 Rxb5 60. Kc4 Rb6 61. b4 Rc6+ 62. Kb5 Rf6 0-1

[Event "European Senior Teams Chess Championshi"]
[Site "Rogaska Slatina"]
[Date "2012.04.04"]
[Round "9.14"]
[White "Rooze, Jan"]
[Black "Van Geffen, Ben"]
[Result "1-0"]
[WhiteElo "2325"]
[BlackElo "2113"]
[PlyCount "41"]
[EventDate "2012.03.27"]
[WhiteTeam "BEL"]
[BlackTeam "NED - ORANJE"]

1. e4 e5 2. Nf3 Nc6 3. Bc4 Nf6 4. d3 h6 5. O-O g6 6. d4 Qe7 7. dxe5 Nxe5 8.
Nxe5 Qxe5 9. Be3 Bc5 10. Bxc5 Qxc5 11. Qd3 d6 12. Nc3 Bd7 13. b4 Qh5 14. f4 O-O
15. Qd4 Ne8 16. f5 gxf5 17. exf5 Bxf5 18. Rae1 c6 19. Re3 Bg6 20. Rg3 d5 21.
Be2 1-0

[Event "European Senior Teams Chess Championshi"]
[Site "Rogaska Slatina"]
[Date "2012.04.04"]
[Round "9.14"]
[White "Mostertman, Loek"]
[Black "Van Herck, Marcel"]
[Result "1/2-1/2"]
[WhiteElo "2058"]
[BlackElo "2097"]
[PlyCount "51"]
[EventDate "2012.03.27"]
[WhiteTeam "NED - ORANJE"]
[BlackTeam "BEL"]

1. e4 c6 2. d4 d5 3. Nd2 dxe4 4. Nxe4 Nd7 5. Ng5 Ngf6 6. Bd3 e6 7. Qe2 Bd6 8.
N1f3 h6 9. Ne4 Nxe4 10. Qxe4 Nf6 11. Qe2 b6 12. Bd2 Bb7 13. O-O-O Qc7 14. Ne5
c5 15. Bb5+ Ke7 16. Rhe1 cxd4 17. Bf4 Bd5 18. Rxd4 Rhd8 19. Kb1 Kf8 20. c4 a6
21. cxd5 Nxd5 22. Bd3 Nxf4 23. Rxf4 Bxe5 24. Rc4 Qd6 25. Bc2 Bf6 26. Qe4
1/2-1/2

[Event "European Senior Teams Chess Championshi"]
[Site "Rogaska Slatina"]
[Date "2012.04.04"]
[Round "9.14"]
[White "Montsma, Foppe-Jan"]
[Black "Schrickx, Frank"]
[Result "1/2-1/2"]
[WhiteElo "1949"]
[BlackElo "1874"]
[PlyCount "59"]
[EventDate "2012.03.27"]
[WhiteTeam "NED - ORANJE"]
[BlackTeam "BEL"]

1. e4 e5 2. Nf3 Nc6 3. Nc3 Nf6 4. Bb5 Bb4 5. O-O O-O 6. Bxc6 dxc6 7. d3 Bg4 8.
Qe2 Bxc3 9. bxc3 h6 10. h3 Bxf3 11. Qxf3 Re8 12. Qg3 Kh8 13. Qh4 Ng8 14. Qh5 g6
15. Qe2 g5 16. g3 Re6 17. c4 Kh7 18. Kh2 Rg6 19. Bb2 f6 20. f4 exf4 21. gxf4
gxf4 22. Rxf4 Qe7 23. Raf1 Re8 24. Qf2 Qd6 25. Kh1 Qe6 26. Qh4 Rf8 27. R1f3 Rf7
28. Qf2 Rfg7 29. Kh2 Qd6 30. Kh1 1/2-1/2

[Event "European Senior Teams Chess Championshi"]
[Site "Rogaska Slatina"]
[Date "2012.04.04"]
[Round "9.15"]
[White "Niebuhr, Gerd"]
[Black "Jones, Iolo C"]
[Result "1/2-1/2"]
[WhiteElo "2079"]
[BlackElo "2246"]
[PlyCount "45"]
[EventDate "2012.03.27"]
[WhiteTeam "GER - FREIBAUER"]
[BlackTeam "WLS"]

1. d4 Nf6 2. c4 d6 3. Nf3 Nbd7 4. Nc3 e5 5. e4 Be7 6. Be2 O-O 7. O-O c6 8. Be3
Ng4 9. Bd2 Re8 10. d5 Ngf6 11. Be3 Qc7 12. Qc2 a6 13. h3 Nf8 14. Rfc1 Bd7 15.
b4 a5 16. bxa5 c5 17. Rcb1 Rxa5 18. Nb5 Bxb5 19. cxb5 N8d7 20. a4 Rc8 21. Bc4
Rb8 22. Bd2 Raa8 23. a5 1/2-1/2

[Event "European Senior Teams Chess Championshi"]
[Site "Rogaska Slatina"]
[Date "2012.04.04"]
[Round "9.15"]
[White "Juergens, Peter"]
[Black "Miles, Richard"]
[Result "1/2-1/2"]
[WhiteElo "1993"]
[BlackElo "2083"]
[PlyCount "36"]
[EventDate "2012.03.27"]
[WhiteTeam "GER - FREIBAUER"]
[BlackTeam "WLS"]

1. d4 Nf6 2. Nf3 g6 3. Bf4 Bg7 4. e3 d6 5. Be2 O-O 6. O-O Nbd7 7. h3 c5 8. c3
b6 9. Nbd2 Bb7 10. Bh2 Ne4 11. Nxe4 Bxe4 12. Nd2 Bb7 13. Bf3 Bxf3 14. Nxf3 Nf6
15. Rc1 Qd7 16. Qe2 Qb7 17. Rfe1 Rac8 18. c4 Nd7 1/2-1/2

[Event "European Senior Teams Chess Championshi"]
[Site "Rogaska Slatina"]
[Date "2012.04.04"]
[Round "9.15"]
[White "Van Kemenade, Rudy"]
[Black "Fritsch, Juergen Dr"]
[Result "1-0"]
[WhiteElo "1984"]
[BlackElo "1979"]
[PlyCount "59"]
[EventDate "2012.03.27"]
[WhiteTeam "WLS"]
[BlackTeam "GER - FREIBAUER"]

1. f4 d5 2. Nf3 Nf6 3. g3 Bf5 4. d3 e6 5. Bg2 Bc5 6. e3 O-O 7. O-O c6 8. h3 Qb6
9. Qe2 Nbd7 10. Kh2 Rae8 11. Nc3 Qa6 12. Qe1 e5 13. Nh4 g6 14. g4 Bxg4 15. hxg4
Nxg4+ 16. Kh3 Nxe3 17. Bxe3 exf4 18. Bxf4 Rxe1 19. Raxe1 Kg7 20. Nf3 f6 21. d4
Bb4 22. Kg3 Bxc3 23. bxc3 Qxa2 24. Bh3 Rf7 25. Be6 Qxc2 26. Bxf7 Kxf7 27. Bd6
Nb6 28. Ng5+ Kg7 29. Re7+ Kg8 30. Re8+ 1-0

[Event "European Senior Teams Chess Championshi"]
[Site "Rogaska Slatina"]
[Date "2012.04.04"]
[Round "9.16"]
[White "Liebert, Heinz"]
[Black "Dogantug, Ahmet Ismail"]
[Result "1/2-1/2"]
[WhiteElo "2251"]
[BlackElo "2155"]
[PlyCount "57"]
[EventDate "2012.03.27"]
[WhiteTeam "GER - CACHSEN-ANGALT"]
[BlackTeam "TUR"]

1. c4 Nf6 2. Nf3 g6 3. Nc3 Bg7 4. g3 c5 5. Bg2 d6 6. O-O Nc6 7. d4 O-O 8. dxc5
dxc5 9. Bf4 Be6 10. b3 Nh5 11. Bd2 Qd7 12. Ng5 Rad8 13. Nxe6 Qxe6 14. Qc1 Qe5
15. Be1 Nd4 16. Rb1 Nxe2+ 17. Nxe2 Qxe2 18. Bxb7 Rd7 19. Bc6 Rd6 20. Bg2 Qxa2
21. Bc3 Rfd8 22. Bxg7 Nxg7 23. Qe3 Ne6 24. Bd5 Qa5 25. b4 cxb4 26. Ra1 Qb6 27.
Rxa7 Qxe3 28. fxe3 R6d7 29. Ra6 1/2-1/2

[Event "European Senior Teams Chess Championshi"]
[Site "Rogaska Slatina"]
[Date "2012.04.04"]
[Round "9.16"]
[White "Pekun, Cem"]
[Black "Liebscher, Helmar"]
[Result "1/2-1/2"]
[WhiteElo "2127"]
[BlackElo "2093"]
[PlyCount "26"]
[EventDate "2012.03.27"]
[WhiteTeam "TUR"]
[BlackTeam "GER - CACHSEN-ANGALT"]

1. d4 Nf6 2. c4 e6 3. Nc3 d5 4. cxd5 exd5 5. Bg5 Be7 6. e3 O-O 7. Qc2 h6 8. Bh4
b6 9. Nf3 c5 10. Be2 Bb7 11. O-O Nbd7 12. Rfd1 Ne4 13. Bxe7 Qxe7 1/2-1/2

[Event "European Senior Teams Chess Championshi"]
[Site "Rogaska Slatina"]
[Date "2012.04.04"]
[Round "9.16"]
[White "Muratoglu, Salih"]
[Black "Reinemann, Guenter Dr"]
[Result "1-0"]
[WhiteElo "2055"]
[BlackElo "2011"]
[PlyCount "69"]
[EventDate "2012.03.27"]
[WhiteTeam "TUR"]
[BlackTeam "GER - CACHSEN-ANGALT"]

1. d4 f5 2. c4 Nf6 3. Nc3 g6 4. g3 Bg7 5. Bg2 d6 6. Nf3 c6 7. O-O O-O 8. Bg5
Nbd7 9. Qc2 Qe8 10. e4 fxe4 11. Nxe4 Nxe4 12. Qxe4 e5 13. Rfe1 Nf6 14. Bxf6
Bxf6 15. dxe5 Bf5 16. Qe3 dxe5 17. Nxe5 Qe7 18. Ng4 Qxe3 19. Nxf6+ Rxf6 20.
Rxe3 Rd8 21. Rae1 Rd2 22. R3e2 Rxe2 23. Rxe2 Bd3 24. Re8+ Kf7 25. Rb8 Re6 26.
Rxb7+ Kf6 27. h4 a6 28. b3 Bb1 29. a3 c5 30. Bd5 Re1+ 31. Kh2 Rc1 32. f4 g5 33.
hxg5+ Kg6 34. g4 Rc3 35. Bg8 1-0

[Event "European Senior Teams Chess Championshi"]
[Site "Rogaska Slatina"]
[Date "2012.04.04"]
[Round "9.17"]
[White "Ahlers, Ben"]
[Black "Dahl, Ivar M"]
[Result "1/2-1/2"]
[WhiteElo "2116"]
[BlackElo "2146"]
[PlyCount "30"]
[EventDate "2012.03.27"]
[WhiteTeam "NED - DIS.DIS."]
[BlackTeam "NOR 5"]

1. Nf3 Nf6 2. d4 e6 3. Bg5 d5 4. c4 h6 5. Bh4 Bb4+ 6. Nbd2 Nbd7 7. a3 Bxd2+ 8.
Nxd2 O-O 9. e3 e5 10. dxe5 Nxe5 11. Qc2 Be6 12. O-O-O c6 13. Kb1 Qa5 14. Bxf6
gxf6 15. Be2 Nxc4 1/2-1/2

[Event "European Senior Teams Chess Championshi"]
[Site "Rogaska Slatina"]
[Date "2012.04.04"]
[Round "9.17"]
[White "Mundal, Arnold"]
[Black "Happel, Henk"]
[Result "1-0"]
[WhiteElo "2013"]
[BlackElo "2129"]
[PlyCount "49"]
[EventDate "2012.03.27"]
[WhiteTeam "NOR 5"]
[BlackTeam "NED - DIS.DIS."]

1. Nf3 Nf6 2. g3 e6 3. Bg2 c5 4. c4 Nc6 5. Nc3 Be7 6. O-O O-O 7. d4 cxd4 8.
Nxd4 Qc7 9. b3 d6 10. e4 Bd7 11. Ndb5 Qb8 12. Ba3 Rd8 13. Bxd6 Bxd6 14. Qxd6 a6
15. Qxb8 Raxb8 16. Nd6 Ne8 17. Rad1 Kf8 18. f4 e5 19. c5 Nc7 20. f5 Nd4 21. Kf2
b6 22. cxb6 Rxb6 23. Nc4 Rc6 24. Nxe5 Rxc3 25. Rxd4 1-0

[Event "European Senior Teams Chess Championshi"]
[Site "Rogaska Slatina"]
[Date "2012.04.04"]
[Round "9.17"]
[White "Lindner, Jan-Joost"]
[Black "Bergersen, Per A"]
[Result "1/2-1/2"]
[WhiteElo "2150"]
[BlackElo "1991"]
[PlyCount "30"]
[EventDate "2012.03.27"]
[WhiteTeam "NED - DIS.DIS."]
[BlackTeam "NOR 5"]

1. f4 b6 2. e4 Bb7 3. d3 e6 4. Nf3 g6 5. Be2 Bg7 6. O-O Ne7 7. Qe1 d6 8. Nc3
Nbc6 9. Bd1 a6 10. Nh4 O-O 11. f5 exf5 12. exf5 Bd4+ 13. Kh1 Bf6 14. fxg6 fxg6
15. Nf3 Qd7 1/2-1/2

[Event "European Senior Teams Chess Championshi"]
[Site "Rogaska Slatina"]
[Date "2012.04.04"]
[Round "9.17"]
[White "Lerstad, Bjorn"]
[Black "Vink, Wim"]
[Result "1/2-1/2"]
[WhiteElo "1902"]
[BlackElo "1954"]
[PlyCount "28"]
[EventDate "2012.03.27"]
[WhiteTeam "NOR 5"]
[BlackTeam "NED - DIS.DIS."]

1. d4 d5 2. c4 c6 3. Nc3 Nf6 4. e3 g6 5. Nf3 Bg7 6. Qb3 O-O 7. Be2 e6 8. Qc2
Nbd7 9. b3 b6 10. Bb2 Bb7 11. O-O Rc8 12. Rfd1 Qc7 13. Rac1 Qb8 14. h3 Rfd8
1/2-1/2

[Event "European Senior Teams Chess Championshi"]
[Site "Rogaska Slatina"]
[Date "2012.04.04"]
[Round "9.18"]
[White "Hallerod, Ralph"]
[Black "Alkkiomaki, Jyrki"]
[Result "1-0"]
[WhiteElo "2102"]
[BlackElo "2033"]
[PlyCount "71"]
[EventDate "2012.03.27"]
[WhiteTeam "SWE 2"]
[BlackTeam "FIN - TURKU"]

1. d4 d5 2. c4 e6 3. cxd5 exd5 4. Nc3 Nf6 5. Bg5 Nbd7 6. e3 Be7 7. Nf3 O-O 8.
Bd3 c6 9. O-O h6 10. Bf4 Re8 11. Qc2 Nf8 12. h3 Bd6 13. Bxd6 Qxd6 14. Ne5 N6d7
15. f4 a6 16. Rad1 f6 17. Ng6 Nxg6 18. Bxg6 Re7 19. e4 Nf8 20. e5 fxe5 21. fxe5
Qd8 22. Bh5 Be6 23. Rf4 Bf7 24. Bxf7+ Rxf7 25. Rxf7 Kxf7 26. Na4 Ne6 27. Qf5+
Ke7 28. Rf1 Qg8 29. Qd3 b5 30. Qa3+ Ke8 31. Qd6 Nxd4 32. Nc5 Rd8 33. Qc7 Ne6
34. Nxe6 Qxe6 35. Qxg7 Qe7 36. Qg6+ 1-0

[Event "European Senior Teams Chess Championshi"]
[Site "Rogaska Slatina"]
[Date "2012.04.04"]
[Round "9.18"]
[White "Rantanen, Veikko"]
[Black "Wademark, Helge"]
[Result "0-1"]
[WhiteElo "1934"]
[BlackElo "2096"]
[PlyCount "98"]
[EventDate "2012.03.27"]
[WhiteTeam "FIN - TURKU"]
[BlackTeam "SWE 2"]

1. c4 e5 2. g3 Nc6 3. Bg2 d6 4. Nc3 f5 5. e3 Nf6 6. Nge2 g6 7. Rb1 Bg7 8. d3
O-O 9. O-O Be6 10. b3 Bf7 11. Bb2 Qe8 12. Qd2 Rd8 13. Rfc1 Rd7 14. a3 g5 15.
Re1 Bg6 16. b4 Nd8 17. f4 h6 18. Rbd1 c6 19. b5 Re7 20. a4 Bh5 21. Ba3 Qd7 22.
Rb1 Nf7 23. d4 gxf4 24. bxc6 fxe3 25. Qxe3 bxc6 26. Nf4 Ng4 27. Qe2 exf4 28.
Qxe7 Bxd4+ 29. Kh1 Nf2+ 30. Kg1 Ne4+ 31. Kh1 Qxe7 32. Nxe4 fxe4 33. Rxe4 Qf6
34. Rxf4 Qg6 35. Rbf1 Be5 36. R4f2 Rb8 37. Bxc6 Qd3 38. Bc1 Qxc4 39. Bg2 Rb1
40. Be3 Rxf1+ 41. Rxf1 Qxa4 42. Bd5 Qb5 43. Bg2 a5 44. Rg1 a4 45. g4 Bg6 46. h4
Qd3 47. Re1 Bg3 48. Bf1 Qe4+ 49. Bg2 Bxe1 0-1

[Event "European Senior Teams Chess Championshi"]
[Site "Rogaska Slatina"]
[Date "2012.04.04"]
[Round "9.19"]
[White "Mckerracher, Douglas"]
[Black "Huebner, Wolfgang"]
[Result "1-0"]
[WhiteElo "2015"]
[BlackElo "2188"]
[PlyCount "83"]
[EventDate "2012.03.27"]
[WhiteTeam "SCO 2"]
[BlackTeam "GER - MATTADORE"]

1. e4 c5 2. Nc3 e6 3. g3 d5 4. exd5 exd5 5. Bg2 Nf6 6. d3 d4 7. Ne4 Nxe4 8.
dxe4 Be7 9. Ne2 O-O 10. O-O Nc6 11. a3 a5 12. Nf4 a4 13. Re1 Ne5 14. Nd5 Bg4
15. f3 Be6 16. Qe2 c4 17. f4 d3 18. Nxe7+ Qxe7 19. Qh5 Ng4 20. h3 Nf6 21. Qf3
Rfd8 22. Be3 dxc2 23. Rac1 b5 24. Rxc2 Rac8 25. Bd2 Rd3 26. Qf2 Qc7 27. Bf1
Rdd8 28. Bc3 Bd7 29. Rd2 Bc6 30. Bg2 Rxd2 31. Qxd2 Rd8 32. Qe2 Re8 33. Bxf6
gxf6 34. Qg4+ Kh8 35. Qh4 Kg8 36. e5 fxe5 37. Qg5+ Kf8 38. Qh6+ Kg8 39. Qxc6
Qxc6 40. Bxc6 Rc8 41. Bxb5 exf4 42. Re8+ 1-0

[Event "European Senior Teams Chess Championshi"]
[Site "Rogaska Slatina"]
[Date "2012.04.04"]
[Round "9.19"]
[White "Krebs, Dietmar"]
[Black "Marks, Ian A"]
[Result "1-0"]
[WhiteElo "2114"]
[BlackElo "1891"]
[PlyCount "103"]
[EventDate "2012.03.27"]
[WhiteTeam "GER - MATTADORE"]
[BlackTeam "SCO 2"]

1. e4 e5 2. Nf3 Nc6 3. Bb5 a6 4. Bxc6 dxc6 5. O-O Bg4 6. h3 h5 7. d3 Qf6 8.
Nbd2 Ne7 9. Re1 Ng6 10. d4 Nf4 11. hxg4 hxg4 12. g3 gxf3 13. Qxf3 Ng6 14. dxe5
Qxe5 15. Qf5 Qb5 16. a4 Qc5 17. c3 Bd6 18. Qxc5 Bxc5 19. Nb3 Be7 20. Be3 Ne5
21. Re2 O-O-O 22. Nd4 Rh5 23. Kg2 Rdh8 24. Nf3 Nxf3 25. Kxf3 c5 26. c4 Rd8 27.
Rd2 Rxd2 28. Bxd2 Bf6 29. Rb1 Bd4 30. Be3 a5 31. b3 Bxe3 32. Kxe3 c6 33. Rd1
Kc7 34. f4 f6 35. Kf3 b6 36. Rd3 g6 37. Kg4 f5+ 38. Kf3 fxe4+ 39. Kxe4 Rf5 40.
g4 Rf8 41. Ke5 Re8+ 42. Kf6 Rf8+ 43. Kxg6 Rxf4 44. g5 Rf1 45. Kg7 Rg1 46. g6
Rg2 47. Kf7 Rf2+ 48. Kg8 Rg2 49. g7 Rg1 50. Rf3 Rd1 51. Rf5 Rg1 52. Kf7 1-0

[Event "European Senior Teams Chess Championshi"]
[Site "Rogaska Slatina"]
[Date "2012.04.04"]
[Round "9.19"]
[White "Neumann, Horst"]
[Black "Murphy, George A A"]
[Result "1/2-1/2"]
[WhiteElo "1937"]
[BlackElo "1811"]
[PlyCount "90"]
[EventDate "2012.03.27"]
[WhiteTeam "GER - MATTADORE"]
[BlackTeam "SCO 2"]

1. d4 Nf6 2. c4 e6 3. Nc3 d5 4. e3 c6 5. Bd3 Nbd7 6. Nf3 Bd6 7. a3 O-O 8. O-O
Re8 9. Qc2 a6 10. b4 h6 11. Bb2 e5 12. cxd5 cxd5 13. dxe5 Nxe5 14. Be2 Nxf3+
15. Bxf3 Bg4 16. Qd1 Bxf3 17. Qxf3 Re5 18. Rfd1 Rg5 19. h3 Qd7 20. Kf1 Qe6 21.
Na4 Rf5 22. Qe2 Ne4 23. Qg4 Rxf2+ 24. Kg1 Qxg4 25. hxg4 Rc8 26. Rac1 Rcc2 27.
Rxc2 Rxc2 28. Bd4 f6 29. Nb6 Kf7 30. Nxd5 Kg6 31. Nf4+ Kg5 32. Ne6+ Kxg4 33.
Nxg7 Bg3 34. Rf1 Bf2+ 35. Kh2 Ng3 36. Rd1 f5 37. Bc5 Ne4 38. Ne6 Bg3+ 39. Kg1
Nf2 40. Rb1 Rd2 41. Nd4 Be5 42. Nf3 Ra2 43. Nxe5+ Kg3 44. Rf1 Nh3+ 45. Kh1 Nf2+
1/2-1/2

[Event "European Senior Teams Chess Championshi"]
[Site "Rogaska Slatina"]
[Date "2012.04.04"]
[Round "9.20"]
[White "Lahti, Jouko"]
[Black "Danner, Lambert"]
[Result "1/2-1/2"]
[WhiteElo "2016"]
[BlackElo "2090"]
[PlyCount "37"]
[EventDate "2012.03.27"]
[WhiteTeam "FIN 2"]
[BlackTeam "AUT - WIEN 2"]

1. Nf3 f5 2. g3 Nf6 3. c4 d6 4. d4 g6 5. Bg2 Bg7 6. O-O O-O 7. b3 c6 8. Bb2 a5
9. Nbd2 Na6 10. a3 Bd7 11. Qc2 Rc8 12. Rfe1 Kh8 13. Rac1 d5 14. e3 Ne4 15. Ne5
Be6 16. Nd3 Bf7 17. f3 Nf6 18. Ne5 Be6 19. Nd3 1/2-1/2

[Event "European Senior Teams Chess Championshi"]
[Site "Rogaska Slatina"]
[Date "2012.04.04"]
[Round "9.20"]
[White "Mira, Helene"]
[Black "Lyly, Seppo"]
[Result "1-0"]
[WhiteElo "2083"]
[BlackElo "1939"]
[PlyCount "59"]
[EventDate "2012.03.27"]
[WhiteTeam "AUT - WIEN 2"]
[BlackTeam "FIN 2"]

1. Nf3 f5 2. g3 Nf6 3. Bg2 g6 4. c4 Bg7 5. d4 O-O 6. b4 d6 7. Bb2 c6 8. O-O Na6
9. Qb3 Bd7 10. Nc3 Nc7 11. d5 cxd5 12. cxd5 Qe8 13. e3 h6 14. Rfc1 Rc8 15. Nd4
Qf7 16. Rc2 g5 17. Rac1 f4 18. exf4 gxf4 19. Re1 fxg3 20. hxg3 Ng4 21. Nd1 Ne5
22. f4 Ng4 23. Ne3 Nxe3 24. Rxe3 Qe8 25. Rce2 Rf7 26. Bf3 Ba4 27. Qd3 Bb5 28.
Nxb5 Qxb5 29. Bh5 Qxd5 30. Bxf7+ 1-0

[Event "European Senior Teams Chess Championshi"]
[Site "Rogaska Slatina"]
[Date "2012.04.04"]
[Round "9.20"]
[White "Auvinen, Esa"]
[Black "Teichmeister, Sven"]
[Result "1/2-1/2"]
[WhiteElo "1961"]
[BlackElo "2039"]
[PlyCount "37"]
[EventDate "2012.03.27"]
[WhiteTeam "FIN 2"]
[BlackTeam "AUT - WIEN 2"]

1. e4 c5 2. Nf3 g6 3. d4 cxd4 4. Nxd4 Nc6 5. g3 Bg7 6. Be3 Nf6 7. Bg2 O-O 8.
O-O Nxd4 9. Bxd4 d6 10. b3 Nd7 11. Bxg7 Kxg7 12. c4 Qa5 13. Qd4+ Qe5 14. Rd1
Qxd4 15. Rxd4 Rb8 16. Nc3 f6 17. Bh3 Ne5 18. Bg2 Nc6 19. Rd2 1/2-1/2

[Event "European Senior Teams Chess Championshi"]
[Site "Rogaska Slatina"]
[Date "2012.04.04"]
[Round "9.21"]
[White "Grahn, Lars"]
[Black "Strand, Oyvin"]
[Result "1-0"]
[WhiteElo "2058"]
[BlackElo "1988"]
[PlyCount "71"]
[EventDate "2012.03.27"]
[WhiteTeam "SWE 3"]
[BlackTeam "NOR 3"]

1. d4 d5 2. Nf3 Nf6 3. Bf4 e6 4. e3 Bd6 5. Ne5 O-O 6. Bd3 Nbd7 7. O-O Qe7 8.
Nd2 c5 9. c3 Ne8 10. Qh5 g6 11. Qh6 c4 12. Bc2 f5 13. f3 Nxe5 14. Bxe5 Bxe5 15.
dxe5 Qc7 16. Qf4 b5 17. a3 a5 18. Qg3 Bb7 19. f4 Qc5 20. Rfe1 Nc7 21. Nf3 Bc6
22. Nd4 Bd7 23. h4 Kg7 24. h5 Qe7 25. Kf2 Qf7 26. Rh1 Rh8 27. Rh3 Rag8 28. Rah1
h6 29. hxg6 Qxg6 30. Qxg6+ Kxg6 31. g4 Kg7 32. gxf5 exf5 33. Bxf5 Rd8 34. Bxd7
Rxd7 35. f5 Rdd8 36. f6+ 1-0

[Event "European Senior Teams Chess Championshi"]
[Site "Rogaska Slatina"]
[Date "2012.04.04"]
[Round "9.21"]
[White "Andersson, Sven-Olof"]
[Black "Henrichsen, Erland"]
[Result "1-0"]
[WhiteElo "2037"]
[BlackElo "1978"]
[PlyCount "67"]
[EventDate "2012.03.27"]
[WhiteTeam "SWE 3"]
[BlackTeam "NOR 3"]

1. d4 Nf6 2. Nf3 d5 3. g3 c5 4. e3 Bg4 5. Bg2 Nc6 6. h3 Bh5 7. g4 Bg6 8. Nh4 e6
9. Nxg6 hxg6 10. c3 Qb6 11. Qd3 c4 12. Qc2 Be7 13. b3 cxb3 14. axb3 O-O 15. Nd2
Rfc8 16. c4 Nb4 17. Qb1 a5 18. O-O Qc7 19. Bb2 Ra7 20. Rc1 Qd7 21. Nf3 Rca8 22.
Ne5 Qe8 23. Bc3 Nd7 24. Nd3 f5 25. Nf4 dxc4 26. Nxe6 Rc8 27. Bxb4 Bxb4 28. Bd5
Nf6 29. bxc4 b6 30. Nf4+ Nxd5 31. cxd5 Rxc1+ 32. Qxc1 a4 33. Qc6 Qxc6 34. dxc6
1-0

[Event "European Senior Teams Chess Championshi"]
[Site "Rogaska Slatina"]
[Date "2012.04.04"]
[Round "9.22"]
[White "Johnsen, Oystein"]
[Black "Baumbach, Friedrich Dr"]
[Result "1/2-1/2"]
[WhiteElo "1899"]
[BlackElo "2258"]
[PlyCount "28"]
[EventDate "2012.03.27"]
[WhiteTeam "NOR 4"]
[BlackTeam "GER - STIFTUNG BSW/DBAG"]

1. d4 d5 2. Nc3 Bf5 3. f3 e6 4. Bf4 Bb4 5. Qd2 Nf6 6. a3 Bd6 7. O-O-O c6 8. g4
Bg6 9. h4 h6 10. Nh3 b5 11. Bxd6 Qxd6 12. Nf4 Bh7 13. g5 Nfd7 14. e4 dxe4
1/2-1/2

[Event "European Senior Teams Chess Championshi"]
[Site "Rogaska Slatina"]
[Date "2012.04.04"]
[Round "9.22"]
[White "Fleuch, Hans-Juergen"]
[Black "Birkestrand, Odd"]
[Result "1/2-1/2"]
[WhiteElo "2078"]
[BlackElo "1837"]
[PlyCount "32"]
[EventDate "2012.03.27"]
[WhiteTeam "GER - STIFTUNG BSW/DBAG"]
[BlackTeam "NOR 4"]

1. d4 Nf6 2. Nf3 d5 3. Bf4 e6 4. e3 c5 5. c3 Be7 6. Bd3 O-O 7. Nbd2 c4 8. Bc2
Nc6 9. O-O Nh5 10. Ne5 Nxf4 11. exf4 g6 12. Re1 Bf6 13. Ndf3 Bd7 14. Re3 Nxe5
15. Nxe5 Bxe5 16. fxe5 b5 1/2-1/2